000
00287nam a22001217a 4500
008
180214b xxu||||| |||| 00| 0 eng d
041
_a
eng
080
_a
32
100
_a
23
101
_a
POL
245
_a
CONTIUTY AND CHANGE IN AN EGYPTIAN COMMUNITY
_c
HAN.F
942
_2
udc
_c
BK
999
_c
42519
_d
42519